[Event "44th Chess Olympiad Women 2022"]
[Site "Chennai"]
[Date "2022.08.09"]
[Round "11.30"]
[White "Kocyigit, Buse Naz"]
[Black "Sovetbekova, Nurai"]
[Result "1-0"]
[WhiteElo "1991"]
[BlackElo "1693"]
[Annotator "TA"]
[PlyCount "211"]
[EventDate "2022.07.29"]
[EventType "team-tourn"]
[EventCountry "IND"]
[SourceTitle "playchess.com"]
[Source "ChessBase"]
[SourceQuality "1"]
[WhiteTeam "Turkey"]
[BlackTeam "Kyrgyzstan"]
[WhiteTeamCountry "TUR"]
[BlackTeamCountry "KGZ"]

1. d4 Nf6 2. Bg5 g6 3. Bxf6 exf6 4. e3 d5 5. g3 h5 6. h4 Bd6 7. Bg2 c6 8. Nd2 O-O 9. Ne2 Be6 10. O-O Nd7 11. b3 f5 12. c4 Nf6 13. c5 Bc7 14. Nf3 Ne4 15. Nf4 Kg7 16. Qd3 Rh8 17. b4 Bd7 18. a4 f6 19. Rfd1 g5 20. Ne2 Qe8 21. Qb3 Qg6 22. b5 Rab8 23. a5 a6 24. b6 Bd8 25. hxg5 fxg5 26. Ne5 Qe6 27. f3 Nf6 28. Bh3 Qe8 29. Nxd7 Qxd7 30. e4 g4 31. e5 Nh7 32. fxg4 hxg4 33. Bg2 Ng5 34. Nf4 Be7 35. Qd3 Rbf8 36. Rf1 Ne6 37. Ne2 Bg5 38. Rae1 Qf7 39. Nf4 Bxf4 40. gxf4 Qh5 41. Qg3 Qh6 42. Rd1 Kf7 43. Rd2 Re8 44. Rff2 Ng7 45. Rde2 Ne6 46. Rd2 Rh7 47. Kf1 Reh8 48. Ke1 Qg6 49. Kd1 Rh4 50. Kc2 R8h5 51. Bf1 Qg8 52. Kb2 Qh8 53. Ka2 Rh6 54. Qd3 Ng7 55. Rfe2 Ke6 56. Qb3 Rh2 57. Bg2 R2h4 58. Rc2 Qd8 59. Red2 Nh5 60. Bf1 Rh7 61. Rh2 Nxf4 62. Rhf2 Nh3 63. Rh2 Ng5 64. Rxh4 Rxh4 65. Bxa6 Qa8 66. Bxb7 Qxb7 67. Qd3 Rh8 68. a6 Ra8 69. a7 Nf3 70. Rc1 Rh8 71. Qa3 Nxd4 72. Rh1 Rxh1 73. a8=Q Rh2+ 74. Kb1 Rh1+ 75. Kb2 Rh2+ 76. Kc1 Rh1+ 77. Kd2 Nf3+ 78. Kc2 Rh2+ 79. Kd1 Rh1+ 80. Ke2 Rh2+ 81. Kd1 Rh1+ 82. Kc2 Rh2+ 83. Kb3 Nd4+ 84. Kc3 Nb5+ 85. Kd3 Rh3+ 86. Kd2 Rh2+ 87. Ke1 Rh1+ 88. Ke2 Nd4+ 89. Kd2 Nb3+ 90. Kc3 Rh3+ 91. Kb4 Nd4 92. Qe8+ Qe7 93. Qxe7+ Kxe7 94. Qa7+ Ke6 95. Qa2 Rh7 96. Ka5 g3 97. Qb2 Nb5 98. Ka6 Rh2 99. Qa1 Rh8 100. b7 f4 101. Qf1 Rf8 102. Qf3 Nc7+ 103. Kb6 Nb5 104. Qg4+ Ke7 105. Qg7+ Rf7 106. Qg5+ 1-0

[Event "44th Chess Olympiad Women 2022"]
[Site "Chennai"]
[Date "2022.08.09"]
[Round "11.30"]
[White "Abaeva, Aiana"]
[Black "Onur, Cigdem"]
[Result "1-0"]
[WhiteElo "1595"]
[BlackElo "2000"]
[Annotator "TA"]
[PlyCount "83"]
[EventDate "2022.07.29"]
[EventType "team-tourn"]
[EventCountry "IND"]
[SourceTitle "playchess.com"]
[Source "ChessBase"]
[SourceQuality "1"]
[WhiteTeam "Kyrgyzstan"]
[BlackTeam "Turkey"]
[WhiteTeamCountry "KGZ"]
[BlackTeamCountry "TUR"]

1. e4 c5 2. Nf3 e6 3. d4 cxd4 4. Nxd4 a6 5. c4 Nf6 6. Bd3 Nc6 7. Bc2 Qc7 8. O-O Nxd4 9. Qxd4 Ng4 10. g3 h5 11. h4 Bc5 12. Qc3 Qb6 13. Qxg7 Bd4 14. Qg5 Bxb2 15. c5 Qb4 16. Bxb2 Qxb2 17. Nd2 Qxc2 18. Rac1 Qb2 19. Nc4 Qf6 20. Qd2 Ne5 21. Nd6+ Kf8 22. f4 Rg8 23. Kh2 Ng4+ 24. Kh3 Qg6 25. f5 exf5 26. Rxf5 Nh6 27. Rg5 Qe6+ 28. Kg2 Rxg5 29. hxg5 Ng4 30. Rf1 Ne5 31. Qb2 b5 32. Rf5 Ng6 33. Rxf7+ Qxf7 34. Nxf7 Kxf7 35. Qf6+ Ke8 36. Qxg6+ Kd8 37. Qb6+ Ke7 38. Qf6+ Ke8 39. g6 Bb7 40. g7 Bxe4+ 41. Kh2 Bd5 42. Qf8# 1-0

[Event "44th Chess Olympiad Women 2022"]
[Site "Chennai"]
[Date "2022.08.09"]
[Round "11.31"]
[White "Norlamo, Sarabella"]
[Black "Paulo, Jemima"]
[Result "1/2-1/2"]
[WhiteElo "1925"]
[BlackElo "1850"]
[Annotator "TA"]
[PlyCount "80"]
[EventDate "2022.07.29"]
[EventType "team-tourn"]
[EventCountry "IND"]
[SourceTitle "playchess.com"]
[Source "ChessBase"]
[SourceQuality "1"]
[WhiteTeam "Finland"]
[BlackTeam "Angola"]
[WhiteTeamCountry "FIN"]
[BlackTeamCountry "ANG"]

1. d4 Nf6 2. c4 g6 3. Nc3 Bg7 4. e4 d6 5. Be2 O-O 6. Be3 e5 7. d5 Nbd7 8. g4 Nc5 9. f3 a5 10. h4 h5 11. g5 Nfd7 12. Nh3 Nb6 13. Qd2 Bxh3 14. Rxh3 Nbd7 15. b3 Na6 16. Na4 Ndc5 17. Qxa5 Qd7 18. Rh2 Nxa4 19. Qxa4 c6 20. Qa5 Rfc8 21. Qd2 Qc7 22. Rd1 c5 23. Bd3 Nb4 24. Bb1 Rf8 25. Qg2 Qe7 26. Kf1 f6 27. Kg1 Rf7 28. Rf1 fxg5 29. hxg5 Qd7 30. Qh3 Qxh3 31. Rxh3 Nxa2 32. Bxa2 Rxa2 33. Rh2 Ra3 34. Rb2 b5 35. cxb5 Rb7 36. Rfb1 Rxb5 37. Kf2 Bf8 38. Bd2 Be7 39. Ke2 Kf7 40. Kd3 Rb8 1/2-1/2

[Event "44th Chess Olympiad Women 2022"]
[Site "Chennai"]
[Date "2022.08.09"]
[Round "11.31"]
[White "Pires, Luzia"]
[Black "Puuska, Heini"]
[Result "1/2-1/2"]
[WhiteElo "1842"]
[BlackElo "2010"]
[Annotator "TA"]
[PlyCount "158"]
[EventDate "2022.07.29"]
[EventType "team-tourn"]
[EventCountry "IND"]
[SourceTitle "playchess.com"]
[Source "ChessBase"]
[SourceQuality "1"]
[WhiteTeam "Angola"]
[BlackTeam "Finland"]
[WhiteTeamCountry "ANG"]
[BlackTeamCountry "FIN"]

1. d4 d5 2. Nf3 c5 3. e3 cxd4 4. exd4 Nc6 5. a3 Bg4 6. Be2 e6 7. O-O Bd6 8. Nbd2 Nge7 9. b3 O-O 10. Bb2 Rc8 11. h3 Bh5 12. Nh4 Bxe2 13. Qxe2 Bb8 14. Rfd1 Qc7 15. Nf1 Rfd8 16. Rac1 a6 17. c4 Qf4 18. Nf3 Nf5 19. g3 Qh6 20. Kg2 Na5 21. Rc3 dxc4 22. bxc4 Ba7 23. d5 exd5 24. cxd5 Rxc3 25. Bxc3 Bb6 26. Re1 Nd6 27. N1d2 Qh5 28. Qd3 Qf5 29. Ne4 Nac4 30. Nh4 Qc8 31. Ng5 g6 32. Ba1 Qc5 33. Qf3 Qxf2+ 34. Qxf2 Bxf2 35. Kxf2 Nxa3 36. Re2 h6 37. Ne4 Nxe4+ 38. Rxe4 Kf8 39. Bc3 Nb5 40. Bb4+ Kg7 41. d6 b6 42. Re5 Nxd6 43. Nf3 Nb5 44. Re7 a5 45. Bd2 Kf6 46. Rb7 Rd6 47. Bxh6 a4 48. Bg5+ Ke6 49. Rb8 Nc3 50. Bf4 Rd1 51. Rxb6+ Kd5 52. Be5 Ne4+ 53. Ke2 Rc1 54. Rb5+ Kc4 55. Rb7 a3 56. Nd2+ Kd5 57. Rb5+ Nc5 58. Nb3 Rc4 59. Rxc5+ Rxc5 60. Nxc5 Kxe5 61. Nb3 Ke4 62. Na1 g5 63. Kf2 f5 64. Nb3 a2 65. Na1 Kd3 66. h4 gxh4 67. gxh4 Kc3 68. h5 Kb2 69. h6 Kxa1 70. h7 Kb1 71. h8=Q a1=Q 72. Qh1+ Ka2 73. Qd5+ Kb2 74. Qb5+ Kc2 75. Qxf5+ Kb3 76. Qb5+ Kc2 77. Qe2+ Kb3 78. Qb5+ Kc2 79. Qc4+ Qc3 1/2-1/2

[Event "44th Chess Olympiad Women 2022"]
[Site "Chennai"]
[Date "2022.08.09"]
[Round "11.33"]
[White "Rodsmoen, Maud"]
[Black "Abeysinghe, H M H Janandani"]
[Result "0-1"]
[WhiteElo "1975"]
[BlackElo "1516"]
[Annotator "TA"]
[PlyCount "84"]
[EventDate "2022.07.29"]
[EventType "team-tourn"]
[EventCountry "IND"]
[SourceTitle "playchess.com"]
[Source "ChessBase"]
[SourceQuality "1"]
[WhiteTeam "Norway"]
[BlackTeam "Sri Lanka"]
[WhiteTeamCountry "NOR"]
[BlackTeamCountry "SRI"]

1. e4 c5 2. Nf3 d6 3. d4 cxd4 4. Nxd4 Nf6 5. Nc3 g6 6. Be3 Bg7 7. f3 a6 8. Qd2 h5 9. h3 Nbd7 10. Rg1 b5 11. a4 b4 12. Na2 a5 13. Bb5 Bb7 14. c3 bxc3 15. Nxc3 O-O 16. Nc6 Bxc6 17. Bxc6 Rc8 18. Bb5 Nc5 19. Rd1 Qc7 20. Kf2 Rfd8 21. Qe2 Ncd7 22. Rc1 Nc5 23. Rcd1 Ncd7 24. Nd5 Nxd5 25. exd5 Qc2 26. Rd2 Qb3 27. Bd4 Bxd4+ 28. Rxd4 Rc2 29. Rd2 Rxd2 30. Qxd2 Rc8 31. Rc1 Rxc1 32. Qxc1 Nc5 33. Qd2 Nxa4 34. Qxa5 Qxb2+ 35. Kg3 Nc3 36. Bd3 Qd2 37. Qd8+ Kg7 38. Be4 Nxe4+ 39. fxe4 Qe3+ 40. Kh2 Qxe4 41. Qa5 Qe5+ 42. Kg1 e6 0-1

[Event "44th Chess Olympiad Women 2022"]
[Site "Chennai"]
[Date "2022.08.09"]
[Round "11.34"]
[White "Barbier, Wiebke"]
[Black "Ndirangu, Joyce Nyaruai"]
[Result "1-0"]
[WhiteElo "1970"]
[BlackElo "1679"]
[Annotator "TA"]
[PlyCount "119"]
[EventDate "2022.07.29"]
[EventType "team-tourn"]
[EventCountry "IND"]
[SourceTitle "playchess.com"]
[Source "ChessBase"]
[SourceQuality "1"]
[WhiteTeam "Belgium"]
[BlackTeam "Kenya"]
[WhiteTeamCountry "BEL"]
[BlackTeamCountry "KEN"]

1. e4 c5 2. Be2 d5 3. d3 g6 4. f4 dxe4 5. dxe4 Qxd1+ 6. Bxd1 Nf6 7. Nc3 Bg7 8. Be3 Na6 9. Nf3 O-O 10. Be2 Ng4 11. Bg1 Nb4 12. O-O-O b6 13. h3 Nf6 14. e5 Nh5 15. Be3 Ng3 16. Rhe1 Bf5 17. Rd2 Rad8 18. Bd1 Bh6 19. a3 Nc6 20. Ne2 Nxe2+ 21. Rexe2 Nd4 22. Rf2 Nc6 23. c4 Be4 24. b3 Rd3 25. Rxd3 Bxd3 26. Bc2 Rd8 27. Rd2 Bf1 28. Rf2 Bd3 29. Kb2 f6 30. exf6 exf6 31. Rd2 Bf1 32. Be4 Re8 33. Bxc6 Rxe3 34. Rd8+ Bf8 35. Bd5+ Kg7 36. Nd2 Re2 37. Kc3 Bxg2 38. Kd3 Rxd2+ 39. Kxd2 Bxh3 40. Ra8 g5 41. Rxa7+ Kg6 42. fxg5 fxg5 43. Be4+ Kf6 44. Rxh7 g4 45. Rh5 Bd6 46. Ke3 Bf8 47. Rf5+ Ke7 48. Rh5 Kf6 49. Kf2 Bd6 50. Kg1 Be5 51. Rh6+ Kg5 52. Rxb6 g3 53. Bg2 Bd4+ 54. Kh1 Bg4 55. a4 Bc3 56. Rb5 Bb4 57. a5 Kf4 58. a6 Bd1 59. a7 Bxb3 60. a8=Q 1-0

[Event "44th Chess Olympiad Women 2022"]
[Site "Chennai"]
[Date "2022.08.09"]
[Round "11.34"]
[White "Madelta Glenda"]
[Black "De Rycke, Tyani"]
[Result "0-1"]
[WhiteElo "1516"]
[BlackElo "1994"]
[Annotator "TA"]
[PlyCount "80"]
[EventDate "2022.07.29"]
[EventType "team-tourn"]
[EventCountry "IND"]
[SourceTitle "playchess.com"]
[Source "ChessBase"]
[SourceQuality "1"]
[WhiteTeam "Kenya"]
[BlackTeam "Belgium"]
[WhiteTeamCountry "KEN"]
[BlackTeamCountry "BEL"]

1. d4 Nf6 2. Bf4 g6 3. Nc3 Bg7 4. e4 d6 5. Qd2 Nbd7 6. Nf3 O-O 7. O-O-O c5 8. Bh6 Qa5 9. h4 cxd4 10. Nd5 Qxd2+ 11. Bxd2 Nxd5 12. exd5 Nb6 13. Bg5 Nxd5 14. Nxd4 h6 15. Nb5 hxg5 16. Rxd5 gxh4 17. Nc7 Rb8 18. Rxh4 a6 19. Rd3 Bf6 20. Rb4 Bf5 21. Rdb3 Rbc8 22. g4 Bxc2 23. Kxc2 Rxc7+ 24. Kd2 Rfc8 25. Bd3 b5 26. a4 bxa4 27. Rxa4 Rc1 28. Rxa6 Rg1 29. Ra4 Rcc1 30. Be2 Rb1 31. Kc2 Rgc1+ 32. Kd2 Rc5 33. Rab4 Bh4 34. Rf3 Rd5+ 35. Kc2 Rg1 36. Rbf4 Bg5 37. Rxf7 Rd2+ 38. Kb3 Bf6 39. Bb5 Kxf7 40. g5 Rxg5 0-1

[Event "44th Chess Olympiad Women 2022"]
[Site "Chennai"]
[Date "2022.08.09"]
[Round "11.35"]
[White "Malan, Lucia"]
[Black "Putar, Lara"]
[Result "0-1"]
[WhiteElo "1741"]
[BlackElo "1969"]
[Annotator "TA"]
[PlyCount "100"]
[EventDate "2022.07.29"]
[EventType "team-tourn"]
[EventCountry "IND"]
[SourceTitle "playchess.com"]
[Source "ChessBase"]
[SourceQuality "1"]
[WhiteTeam "Uruguay"]
[BlackTeam "Ireland"]
[WhiteTeamCountry "URU"]
[BlackTeamCountry "IRL"]

1. e4 e6 2. d4 d5 3. Nd2 Nf6 4. e5 Nfd7 5. Bd3 c5 6. c3 Nc6 7. Ne2 cxd4 8. cxd4 f6 9. exf6 Nxf6 10. O-O Bd6 11. Nf3 Qc7 12. Bg5 O-O 13. Qc2 h6 14. Bh4 Qb6 15. Qd2 Nb4 16. Bb1 Bd7 17. a3 Ne4 18. Qe3 Nc6 19. Bxe4 dxe4 20. Qxe4 Rae8 21. Rfd1 Na5 22. b4 Nc4 23. Ne5 Nxe5 24. dxe5 Bc6 25. Rxd6 Bxe4 26. Rxb6 axb6 27. Nd4 Bc6 28. Rc1 Rf4 29. Nxc6 Rxh4 30. Na7 Re4 31. Nb5 Rxe5 32. Nd6 Rd8 33. f4 Re2 34. Nxb7 Rdd2 35. g3 Rg2+ 36. Kf1 Rxh2 37. Kg1 Rdg2+ 38. Kf1 Rxg3 39. Nd8 Rh1+ 40. Kf2 Rxc1 41. Kxg3 Rc3+ 42. Kg4 Rxa3 43. Nc6 Re3 44. Ne7+ Kf7 45. Nc8 Rb3 46. Nxb6 Rxb4 47. Nd7 g5 48. Ne5+ Kg7 49. Kh5 Rxf4 50. Ng6 Ra4 0-1

[Event "44th Chess Olympiad Women 2022"]
[Site "Chennai"]
[Date "2022.08.09"]
[Round "11.36"]
[White "Alvarez Gutierrez, Patricia"]
[Black "Azhar, Puteri Rifqah Fahada"]
[Result "1/2-1/2"]
[WhiteElo "1715"]
[BlackElo "1940"]
[Annotator "TA"]
[PlyCount "60"]
[EventDate "2022.07.29"]
[EventType "team-tourn"]
[EventCountry "IND"]
[SourceTitle "playchess.com"]
[Source "ChessBase"]
[SourceQuality "1"]
[WhiteTeam "Nicaragua"]
[BlackTeam "Malaysia"]
[WhiteTeamCountry "NCA"]
[BlackTeamCountry "MAS"]

1. d4 d5 2. c4 c6 3. Nc3 Nf6 4. Nf3 e6 5. Bg5 Be7 6. e3 Nbd7 7. Bd3 O-O 8. O-O Re8 9. Qc2 h6 10. Bh4 Nh5 11. Bxe7 Qxe7 12. Ne5 Nhf6 13. f4 dxc4 14. Bxc4 Nb6 15. Bd3 Bd7 16. Rac1 Rac8 17. Ne4 Nbd5 18. Qe2 Nxe4 19. Bxe4 Nf6 20. Bf3 Red8 21. Rc5 Be8 22. Rfc1 Nd7 23. Nxd7 Bxd7 24. R5c3 Rc7 25. Be4 Rdc8 26. Bb1 g6 27. Bd3 Kg7 28. Qc2 Be8 29. a3 Bd7 30. Be4 Rh8 1/2-1/2

[Event "44th Chess Olympiad Women 2022"]
[Site "Chennai"]
[Date "2022.08.09"]
[Round "11.37"]
[White "Cordero, Daniela"]
[Black "Antonova, Nadezhda"]
[Result "0-1"]
[WhiteElo "2005"]
[BlackElo "1832"]
[Annotator "TA"]
[PlyCount "260"]
[EventDate "2022.07.29"]
[EventType "team-tourn"]
[EventCountry "IND"]
[SourceTitle "playchess.com"]
[Source "ChessBase"]
[SourceQuality "1"]
[WhiteTeam "Bolivia"]
[BlackTeam "Tajikistan"]
[WhiteTeamCountry "BOL"]
[BlackTeamCountry "TJK"]

1. d4 Nf6 2. Nf3 g6 3. c4 Bg7 4. g3 O-O 5. Bg2 d6 6. O-O Nc6 7. Nc3 a6 8. Re1 Rb8 9. Rb1 b5 10. cxb5 axb5 11. b4 e5 12. d5 Ne7 13. e4 Bd7 14. Bf1 h6 15. a4 bxa4 16. b5 Nh7 17. Ba3 Nc8 18. Nd2 f5 19. exf5 gxf5 20. Nxa4 Kh8 21. Qc2 Nf6 22. Nc3 Nb6 23. Qb3 Ng4 24. Nc4 f4 25. Ne4 fxg3 26. hxg3 Qe8 27. f3 Nf6 28. Ncxd6 cxd6 29. Bxd6 Nxe4 30. fxe4 Rg8 31. Bxb8 Qxb8 32. Qe3 Bf8 33. Kg2 Qd6 34. Rec1 Qg6 35. Be2 Be7 36. Rh1 Bg5 37. Qf3 Bf4 38. Kf1 Bxg3 39. Rb3 Bf4 40. Rc3 Nxd5 41. exd5 Qb1+ 42. Kf2 Qb4 43. Rc4 Qd6 44. Rxf4 exf4 45. Qc3+ Rg7 46. Ke1 Kg8 47. Qd4 Qg6 48. Rf1 Qb1+ 49. Kf2 Qg6 50. Ke1 Qb1+ 51. Kf2 Qb3 52. Qd3 Qb4 53. Rd1 Qe7 54. Rh1 Qc5+ 55. Kf1 f3 56. Qxf3 Rf7 57. Rg1+ Kf8 58. Rg3 Bxb5 59. Bxb5 Qxb5+ 60. Kg2 Rxf3 61. Rxf3+ Ke7 62. Rf5 Qb1 63. Rf4 Qd3 64. Kf2 Qxd5 65. Kg3 Qg5+ 66. Rg4 Qe3+ 67. Kh4 Qf2+ 68. Kh5 Qf5+ 69. Kh4 Kf6 70. Kg3 Ke5 71. Kh4 Qf3 72. Rg3 Qf4+ 73. Kh3 h5 74. Rg2 Qf3+ 75. Kh2 Ke4 76. Rg3 Qf2+ 77. Kh3 Kf4 78. Rg2 Qf1 79. Kh2 Qf3 80. Rg1 Qf2+ 81. Rg2 Qh4+ 82. Kg1 Kf3 83. Rg8 Qd4+ 84. Kh2 Qe5+ 85. Kh1 Qd5 86. Rg6 h4 87. Kh2 Qe5+ 88. Kh1 Qd5 89. Kh2 Qd2+ 90. Kh3 Qd7+ 91. Kxh4 Qe7+ 92. Kh5 Qe5+ 93. Rg5 Qh8+ 94. Kg6 Kf4 95. Rf5+ Ke4 96. Rg5 Qg8+ 97. Kf6 Qd8+ 98. Kg6 Qd6+ 99. Kh5 Qf6 100. Rg4+ Kf3 101. Rg3+ Kf2 102. Rg6 Qf5+ 103. Kh6 Kf3 104. Kg7 Qd7+ 105. Kh6 Kf4 106. Rf6+ Ke5 107. Rg6 Qe7 108. Rg5+ Kf4 109. Rg6 Kf5 110. Ra6 Qe3+ 111. Kg7 Qd4+ 112. Kh7 Qh4+ 113. Kg7 Qg3+ 114. Kh7 Qh2+ 115. Kg7 Qg1+ 116. Kh7 Qh1+ 117. Rh6 Qb7+ 118. Kg8 Kg5 119. Rh7 Qd5+ 120. Kg7 Qd7+ 121. Kg8 Qe8+ 122. Kg7 Qg6+ 123. Kh8 Qf6+ 124. Kg8 Qd8+ 125. Kg7 Qe8 126. Rh8 Qe5+ 127. Kh7 Qe7+ 128. Kg8 Qe6+ 129. Kf8 Qd7 130. Kg8 Kg6 0-1

[Event "44th Chess Olympiad Women 2022"]
[Site "Chennai"]
[Date "2022.08.09"]
[Round "11.37"]
[White "Abrorova, Sabrina"]
[Black "Ramirez, Maria Eugenia"]
[Result "1/2-1/2"]
[WhiteElo "1799"]
[BlackElo "2005"]
[Annotator "TA"]
[PlyCount "156"]
[EventDate "2022.07.29"]
[EventType "team-tourn"]
[EventCountry "IND"]
[SourceTitle "playchess.com"]
[Source "ChessBase"]
[SourceQuality "1"]
[WhiteTeam "Tajikistan"]
[BlackTeam "Bolivia"]
[WhiteTeamCountry "TJK"]
[BlackTeamCountry "BOL"]

1. d4 Nf6 2. Nf3 c5 3. d5 e6 4. c4 exd5 5. cxd5 d6 6. Nc3 g6 7. g3 Bg7 8. Bg2 O-O 9. O-O b6 10. a4 Ba6 11. Re1 Re8 12. e4 Ng4 13. h3 Ne5 14. Nxe5 Bxe5 15. f4 Bd4+ 16. Be3 Bg7 17. Bf2 Bb7 18. Qd2 Na6 19. Rad1 Qd7 20. b3 Nb4 21. Na2 Na6 22. a5 Qb5 23. axb6 Qxb6 24. Bf1 Re7 25. Bc4 Rae8 26. Nc3 Bc8 27. Kh2 Nb4 28. Na4 Qb7 29. e5 Qd7 30. exd6 Qxh3+ 31. Kg1 Rxe1+ 32. Rxe1 Rd8 33. Nxc5 a5 34. Bf1 Qf5 35. d7 Bxd7 36. Nxd7 Qxd7 37. d6 Bf8 38. Bb6 Rc8 39. Bxa5 Qa7+ 40. Kh1 Qxa5 41. d7 Rd8 42. Re8 Qb6 43. Bg2 Na6 44. Kh2 Qb8 45. Bc6 Nc7 46. Qd6 Rxe8 47. dxe8=Q Qxe8 48. Qxc7 Qe2+ 49. Bg2 h5 50. Qc4 Qf2 51. Kh3 h4 52. gxh4 Qe3+ 53. Kg4 Kg7 54. Bf3 Be7 55. Qe2 Qg1+ 56. Qg2 Qc5 57. Kh3 Kh6 58. Bd5 f5 59. Bf7 Qd6 60. Qg3 Kg7 61. Be8 Kh7 62. b4 Bd8 63. b5 Qe6 64. Bc6 Bb6 65. Bf3 Qe8 66. h5 gxh5 67. Qg5 Qxb5 68. Qxh5+ Kg7 69. Qg5+ Kh7 70. Qe7+ Kg8 71. Qe6+ Kg7 72. Qe7+ Kg8 73. Qg5+ Kh7 74. Qe7+ Kg8 75. Qe6+ Kg7 76. Qe7+ Kg8 77. Qe6+ Kg7 78. Qe7+ Kg8 1/2-1/2

[Event "44th Chess Olympiad Women 2022"]
[Site "Chennai"]
[Date "2022.08.09"]
[Round "11.38"]
[White "Van Zyl, Charlize"]
[Black "Sultana, Sharmin Shirin"]
[Result "1/2-1/2"]
[WhiteElo "1704"]
[BlackElo "1995"]
[Annotator "TA"]
[PlyCount "61"]
[EventDate "2022.07.29"]
[EventType "team-tourn"]
[EventCountry "IND"]
[SourceTitle "playchess.com"]
[Source "ChessBase"]
[SourceQuality "1"]
[WhiteTeam "South Africa"]
[BlackTeam "Bangladesh"]
[WhiteTeamCountry "RSA"]
[BlackTeamCountry "BAN"]

1. d4 d5 2. Bf4 Nf6 3. e3 Bf5 4. c4 c6 5. Nc3 e6 6. Qb3 Qb6 7. c5 Qxb3 8. axb3 a6 9. b4 Nh5 10. Bc7 Be7 11. h3 Nf6 12. Nf3 O-O 13. b5 cxb5 14. Bxb5 Nbd7 15. Be2 Rfc8 16. Bh2 Bd8 17. O-O Bc7 18. Bxc7 Rxc7 19. Nb5 Rc6 20. Nd6 Rb8 21. b4 b5 22. Ra2 Rd8 23. Rfa1 Nb8 24. Ne5 Rc7 25. g4 Bg6 26. h4 h5 27. g5 Ne8 28. Nxg6 fxg6 29. Nxe8 Rxe8 30. Bd3 Kh7 31. f4 1/2-1/2

[Event "44th Chess Olympiad Women 2022"]
[Site "Chennai"]
[Date "2022.08.09"]
[Round "11.40"]
[White "Enomah Emmanuella Trust"]
[Black "Al Mansouri, Moza"]
[Result "0-1"]
[WhiteElo "1901"]
[BlackElo "1606"]
[Annotator "TA"]
[PlyCount "80"]
[EventDate "2022.07.29"]
[EventType "team-tourn"]
[EventCountry "IND"]
[SourceTitle "playchess.com"]
[Source "ChessBase"]
[SourceQuality "1"]
[WhiteTeam "Nigeria"]
[BlackTeam "United Arab Emirates"]
[WhiteTeamCountry "NGR"]
[BlackTeamCountry "UAE"]

1. c4 c5 2. g3 g6 3. Bg2 Bg7 4. Nc3 Nc6 5. e4 e5 6. Nge2 Nge7 7. d3 O-O 8. O-O d6 9. Be3 Be6 10. h3 f5 11. Nd5 Rb8 12. Qd2 Qd7 13. Kh2 b5 14. Rab1 bxc4 15. dxc4 fxe4 16. Nec3 Nd4 17. Nxe4 Bxd5 18. cxd5 Nxd5 19. Bxd4 exd4 20. Ng5 Nf6 21. Qc2 Bh6 22. Ne4 Nxe4 23. Qxe4 Rbe8 24. Qd5+ Kh8 25. Qc4 Qe6 26. Qa6 Qe7 27. b4 Rb8 28. Rbe1 Qc7 29. bxc5 dxc5 30. Re2 Qb6 31. Qa3 a5 32. Re5 Rbc8 33. Qb3 Qc7 34. Re6 c4 35. Qa4 Qa7 36. Bd5 d3 37. f4 c3 38. Qd1 Qd4 39. Bb3 c2 40. Qc1 d2 0-1

[Event "44th Chess Olympiad Women 2022"]
[Site "Chennai"]
[Date "2022.08.09"]
[Round "11.42"]
[White "Cooke, Suzie G."]
[Black "Ampaire Shakira"]
[Result "1-0"]
[WhiteElo "1936"]
[BlackElo "1666"]
[Annotator "TA"]
[PlyCount "65"]
[EventDate "2022.07.29"]
[EventType "team-tourn"]
[EventCountry "IND"]
[SourceTitle "playchess.com"]
[Source "ChessBase"]
[SourceQuality "1"]
[WhiteTeam "Scotland"]
[BlackTeam "Uganda"]
[WhiteTeamCountry "SCO"]
[BlackTeamCountry "UGA"]

1. d4 d5 2. Bf4 Nf6 3. e3 Bf5 4. c4 c6 5. Nc3 e6 6. Qb3 Qb6 7. c5 Qxb3 8. axb3 Nbd7 9. b4 Be7 10. b5 O-O 11. bxc6 bxc6 12. Ba6 Nh5 13. Bc7 Rab8 14. Bxb8 Rxb8 15. Ra2 Bc2 16. Nf3 Bb3 17. Ra1 Bc2 18. O-O Rxb2 19. Bc8 Nb8 20. Rxa7 Kf8 21. Ne5 Nf6 22. Rb7 Rxb7 23. Bxb7 Bd8 24. Ra1 Bc7 25. Nxc6 Nxc6 26. Bxc6 Bd3 27. Ra7 Bd8 28. Bb5 Bxb5 29. Nxb5 Ke8 30. Nd6+ Kf8 31. Rxf7+ Kg8 32. Ra7 Kf8 33. c6 1-0

[Event "44th Chess Olympiad Women 2022"]
[Site "Chennai"]
[Date "2022.08.09"]
[Round "11.43"]
[White "Ortez, Andrea"]
[Black "Miller, Rachel"]
[Result "0-1"]
[WhiteElo "1908"]
[BlackElo "1961"]
[Annotator "TA"]
[PlyCount "86"]
[EventDate "2022.07.29"]
[EventType "team-tourn"]
[EventCountry "IND"]
[SourceTitle "playchess.com"]
[Source "ChessBase"]
[SourceQuality "1"]
[WhiteTeam "El Salvador"]
[BlackTeam "Jamaica"]
[WhiteTeamCountry "ESA"]
[BlackTeamCountry "JAM"]

1. e4 e5 2. Nf3 Nc6 3. Bb5 a6 4. Ba4 Nf6 5. Qe2 b5 6. Bb3 Bc5 7. c3 O-O 8. O-O d6 9. Rd1 Bb6 10. d3 h6 11. h3 Re8 12. Nbd2 Be6 13. Bc2 d5 14. Nf1 d4 15. Ng3 Bc5 16. Nh4 Bf8 17. Ngf5 Kh7 18. Nf3 g6 19. Ng3 Qd6 20. cxd4 Nxd4 21. Nxd4 Qxd4 22. Be3 Qxb2 23. d4 Bc4 24. Qf3 Qxc2 25. Qxf6 Bg7 26. Qh4 exd4 27. Rxd4 c5 28. Rd2 Qc3 29. Rad1 Be6 30. Ne2 Qe5 31. f3 Rac8 32. Qf2 c4 33. Bd4 Qc7 34. Bxg7 Kxg7 35. Qd4+ Kh7 36. Qf6 Qe7 37. Qf4 c3 38. Rc2 b4 39. Nd4 Red8 40. Kh2 Qg5 41. Nxe6 Qxf4+ 42. Nxf4 Rxd1 43. Nd5 a5 0-1

[Event "44th Chess Olympiad Women 2022"]
[Site "Chennai"]
[Date "2022.08.09"]
[Round "11.48"]
[White "Castro, Neusa Aridas De"]
[Black "Mwango, Lorita"]
[Result "0-1"]
[WhiteElo "1531"]
[BlackElo "1920"]
[Annotator "TA"]
[PlyCount "78"]
[EventDate "2022.07.29"]
[EventType "team-tourn"]
[EventCountry "IND"]
[SourceTitle "playchess.com"]
[Source "ChessBase"]
[SourceQuality "1"]
[WhiteTeam "Mozambique"]
[BlackTeam "Zambia"]
[WhiteTeamCountry "MOZ"]
[BlackTeamCountry "ZAM"]

1. e4 c5 2. Bc4 e6 3. Nf3 Nc6 4. a3 d5 5. exd5 exd5 6. Be2 Nf6 7. d4 cxd4 8. Nxd4 Bc5 9. Nf3 Qb6 10. O-O O-O 11. Nc3 Qd8 12. Bg5 Be6 13. b4 Be7 14. Bd3 Rc8 15. Ne2 Ne4 16. Bxe7 Qxe7 17. Nfd4 Bd7 18. f3 Nxd4 19. Nxd4 Nc3 20. Qd2 Qf6 21. Nb3 b6 22. Qf2 g6 23. Rae1 Bb5 24. Qd2 Rfd8 25. Bxb5 Nxb5 26. a4 Na3 27. Nd4 Rc4 28. c3 Rdc8 29. Re3 R4c7 30. Rfe1 Kg7 31. Qc1 Qxd4 32. Qxa3 Rxc3 33. Qb2 Qf6 34. R3e2 R8c4 35. Rd2 d4 36. Red1 Qf4 37. Rxd4 Qe3+ 38. Qf2 Rxd4 39. Qxe3 Rxd1+ 0-1

[Event "44th Chess Olympiad Women 2022"]
[Site "Chennai"]
[Date "2022.08.09"]
[Round "11.53"]
[White "Nihaya, Ahmed"]
[Black "Kannappan, Sigappi"]
[Result "0-1"]
[WhiteElo "1233"]
[BlackElo "1914"]
[Annotator "TA"]
[PlyCount "72"]
[EventDate "2022.07.29"]
[EventType "team-tourn"]
[EventCountry "IND"]
[SourceTitle "playchess.com"]
[Source "ChessBase"]
[SourceQuality "1"]
[WhiteTeam "Maldives"]
[BlackTeam "Hong Kong"]
[WhiteTeamCountry "MDV"]
[BlackTeamCountry "HKG"]

1. e4 c5 2. Nf3 d6 3. d4 cxd4 4. Nxd4 Nf6 5. Nc3 a6 6. a3 e6 7. Bd3 Be7 8. O-O O-O 9. f4 Nc6 10. Nf3 b5 11. Kh1 Bb7 12. e5 dxe5 13. fxe5 Nd7 14. Ng5 Bxg5 15. Bxh7+ Kxh7 16. Qh5+ Bh6 17. Bxh6 gxh6 18. Rxf7+ Rxf7 19. Qxf7+ Kh8 20. Qxe6 Qe7 21. Qxh6+ Qh7 22. Qd2 Ncxe5 23. Nd5 Rg8 24. Re1 Rg6 25. Re3 Rh6 26. h3 Rd6 27. c4 bxc4 28. Qb4 Rxd5 29. Rxe5 Rxe5 30. Qxb7 Qe7 31. Qc8+ Kg7 32. g4 Re1+ 33. Kg2 Qe4+ 34. Kg3 Re3+ 35. Kh4 Qh7+ 36. Kg5 Qh6+ 0-1